As Três Irmãs - Dr. Frankenstein (Registo nº 9287)
[ vista simples ]
| 000 -Etiqueta do registo | |
|---|---|
| Valores | 00616nam a22001931i 4500 |
| 090 ## - | |
| -- | 9287 |
| 010 ## - Número ISBN | |
| ISBN | 9788434500860 |
| 100 ## - Dados gerais de processamento | |
| Dados gerais | 20170304u u u0frey50 ba |
| 101 1# - Língua de publicação | |
| -- | por |
| -- | esl |
| 200 1# - Titulo e menção de responsabilidade | |
| Primeira menção de responsabilidade | Roser Capdevila |
| Título próprio | As Três Irmãs - Dr. Frankenstein |
| 215 ## - Descrição física | |
| Paginação / Volumes | [46]p |
| Outras indicações físicas | il |
| Dimensões | 18 cm |
| 210 ## - Publicação | |
| Nome do editor | Salvat |
| Data de publicação | 1999 |
| 225 2# - Colecção | |
| Título próprio da colecção | A biblioteca das três irmãs |
| Indicação de volume | Tomo XI |
| 410 #0 - | |
| -- | A biblioteca das três irmãs |
| 701 #1 - Co-autor principal (pessoa individual) | |
| Apelido | Vigil |
| Nome | Aurélia |
| -- | 730 |
| 700 #1 - Autor principal (pessoa individual) | |
| Apelido | Capdevila |
| Nome | Roser |
| -- | 440 |
| 996 ## - ISO2709 | |
| -- | 0010121 |
| -- | CAP |
| -- | 00000000 |
| -- | 00000000 |
| -- | BMVA |
| -- | 1 |
| -- | Viana do Alentejo |
| -- | Literatura Infantil |
| -- | 35 |
| -- | Livro |
| -- | 0 |
| -- | 1 |
| 990 ## - Elementos KOHA | |
| Tipo de documento | Livro |
| Situação do levantamento | Estado | Biblioteca de origem | Biblioteca de empréstimo | Código de barras | Cota | Permissão de empréstimo | Tipo de documento |
|---|---|---|---|---|---|---|---|
| Completo | Biblioteca Municipal de Viana Do Alentejo | Biblioteca Municipal de Viana Do Alentejo | 0013304 | 8 CAP | Disponível | Livro |